000 00609cam a22002291 4500
001 med47001270
003 DLC
005 20260227111602.0
008 750822s1947 xx 000 0 eng
010 _amed47001270
035 _a(OCoLC)1563292
040 _aDLC
_cFMU
_dDLC
050 0 0 _aRT97
_b.W35 1947
082 _a614.073
100 1 _aWaterman, Theda L.,
_d1897-
245 1 0 _aNursing for community health ...
250 _a2d ed.
260 _aPhiladelphia,
_bDavis,
_c1947.
300 _aix, 421 p.
_billus. (part col.)
_c23 cm.
650 0 _aPublic health nursing.
650 0 _aPublic health.
999 _c38283
_d38283